[Event "Washington International 2012"]
[Site "Rockville USA"]
[Date "2012.07.30"]
[Round "6"]
[White "Leve,Nitai D"]
[Black "Rozman,Levy"]
[Result "0-1"]
[WhiteElo "2134"]
[BlackElo "2200"]
[WhiteFideId "2006898"]
[BlackFideId "2039877"]
[EventDate "2012.07.28"]

1. e4 c6 2. d4 d5 3. exd5 cxd5 4. c4 Nf6 5. Nc3 Nc6 6. Nf3 Be6 7. c5 g6 8. b4 a6
9. b5 axb5 10. Bxb5 Ne4 11. Qb3 Qa5 12. Bb2 Bg7 13. O-O O-O 14. Rfd1 Rfd8 15. h3
Nxc5 16. Qc2 Bf5 17. Qe2 Ne6 18. Qe3 Nb4 19. Ne1 Qb6 20. g4 Be4 21. f3 Nc2 22.
Qf2 Nxa1 23. fxe4 Bxd4 24. Rxd4 Qxd4 25. exd5 Qxf2+ 26. Kxf2 Nf4 27. Bxa1 Nxd5
28. a4 Nc7 29. Be2 b5 30. Nxb5 Rxa4 31. Be5 Ne6 32. Nf3 f6 33. Bg3 Nc5 34. Bc7
Rd7 35. Ke3 Rb4 36. Ba5 Re4+ 37. Kf2 Nd3+ 38. Kf1 Ra4 39. Bd2 Ra1+ 40. Kg2 Ra2
41. Kg3 Kg7 42. Nc3 Rc2 43. Ne4 f5 44. gxf5 gxf5 45. Neg5 e5 46. Bd1 Rxd2 47.
Nxd2 Ne1 48. Bc2 f4+ 49. Kg4 Rxd2 50. Ba4 Rg2+ 0-1

[Event "Washington International 2012"]
[Site "Rockville USA"]
[Date "2012.07.31"]
[Round "7"]
[White "Foisor,O"]
[Black "Friedel,J"]
[Result "1/2-1/2"]
[WhiteTitle "IM"]
[BlackTitle "GM"]
[WhiteElo "2381"]
[BlackElo "2503"]
[WhiteFideId "1200143"]
[BlackFideId "2017199"]
[EventDate "2012.07.28"]

1. d4 Nf6 2. c4 e6 3. Nc3 Bb4 4. Qc2 O-O 5. Nf3 c5 6. dxc5 Na6 7. g3 Nxc5 8. Bg2
Nce4 9. Bd2 Nxd2 10. Nxd2 d5 11. a3 Bxc3 12. Qxc3 d4 13. Qd3 e5 14. O-O Qe7 15.
Rac1 Bg4 16. c5 Rad8 17. Rfe1 Be6 18. b4 Bd5 19. Bxd5 Rxd5 20. e4 dxe3 21. Qxe3
Qe6 22. Nc4 e4 23. f3 exf3 24. Qxf3 Qh3 25. Rcd1 Rxd1 26. Rxd1 h5 27. Nd6 h4 28.
Re1 hxg3 29. Qxg3 Qh6 30. Nxb7 Nh5 31. Qg4 Qd2 32. Qe2 Qd4+ 33. Qf2 Qg4+ 34. Qg2
Qh4 35. Qf2 Qg4+ 36. Kh1 f5 37. Qg2 Qh4 38. Rg1 f4 39. Qg4 Qe7 40. Nd6 Qe5 41.
Qf3 Nf6 42. Qb3+ Kh7 43. Qh3+ Kg8 44. Qb3+ Kh7 45. Qd3+ Kg8 46. Qb3+ 1/2-1/2

[Event "Washington International 2012"]
[Site "Rockville USA"]
[Date "2012.07.31"]
[Round "7"]
[White "Sarkar,J"]
[Black "Ippolito,D"]
[Result "1/2-1/2"]
[WhiteTitle "IM"]
[BlackTitle "IM"]
[WhiteElo "2396"]
[BlackElo "2429"]
[WhiteFideId "2010011"]
[BlackFideId "2009870"]
[EventDate "2012.07.28"]

1. d4 d5 2. c4 e6 3. Nc3 Be7 4. cxd5 exd5 5. Bf4 c6 6. Qc2 Bd6 7. Bxd6 Qxd6 8.
e3 Ne7 9. Bd3 b6 10. Nf3 Ba6 11. Bxa6 Nxa6 12. O-O O-O 1/2-1/2

[Event "Washington International 2012"]
[Site "Rockville USA"]
[Date "2012.07.31"]
[Round "7"]
[White "Mulyar,M"]
[Black "Foisor,C"]
[Result "1/2-1/2"]
[WhiteTitle "IM"]
[BlackTitle "IM"]
[WhiteElo "2386"]
[BlackElo "2401"]
[WhiteFideId "2008742"]
[BlackFideId "1200496"]
[EventDate "2012.07.28"]

1. e4 e5 2. Nf3 Nc6 3. Bc4 Bc5 4. c3 Nf6 5. d3 a6 6. O-O Ba7 7. Nbd2 O-O 8. Re1
d6 9. Bb3 Ng4 10. Re2 Kh8 11. Nf1 f5 12. exf5 Bxf5 13. h3 Nh6 14. Bd5 Qd7 15.
Be3 Bxe3 16. Nxe3 Bg6 17. d4 Bh5 18. dxe5 Bxf3 19. Bxf3 Rxf3 20. gxf3 Nxe5 21.
f4 Ng6 22. Ng2 Qxh3 23. Re3 Qf5 24. Qe2 Nxf4 25. Nxf4 Qxf4 26. Re1 Ng8 27. Rf3
Qg4+ 28. Rg3 Qxe2 29. Rxe2 Rc8 30. c4 a5 31. a3 a4 32. Re4 b6 33. c5 dxc5 34.
Rxa4 Nf6 35. Ra7 Kg8 36. a4 Kf8 37. a5 bxa5 38. Rxa5 Nd7 39. Re3 Rb8 40. b3 Rb6
41. Ra8+ Kf7 42. Rf3+ 1/2-1/2

[Event "Washington International 2012"]
[Site "Rockville USA"]
[Date "2012.07.31"]
[Round "7"]
[White "Thompson,I"]
[Black "Kekelidze,M"]
[Result "0-1"]
[WhiteTitle "FM"]
[BlackTitle "GM"]
[WhiteElo "2243"]
[BlackElo "2494"]
[WhiteFideId "405205"]
[BlackFideId "13600818"]
[EventDate "2012.07.28"]

1. c4 g6 2. Nc3 Bg7 3. g3 c5 4. Bg2 Nc6 5. Nf3 d6 6. O-O e6 7. d3 Nge7 8. Bd2
O-O 9. Rb1 b6 10. a3 Bb7 11. b4 Qd7 12. e3 f5 13. Qc2 h6 14. Rbd1 g5 15. Ne2 Ng6
16. Bc3 Bxc3 17. Qxc3 Nce5 18. Nxe5 Nxe5 19. e4 f4 20. gxf4 gxf4 21. f3 Qg7 22.
d4 cxd4 23. Rxd4 Rac8 24. Kh1 Kh8 25. Rxd6 Rxc4 26. Qd2 Bxe4 27. fxe4 f3 28. Ng3
fxg2+ 29. Qxg2 Ng4 30. Nh5 0-1

[Event "Washington International 2012"]
[Site "Rockville USA"]
[Date "2012.07.31"]
[Round "7"]
[White "Hunt,A"]
[Black "Gu,Christopher"]
[Result "1-0"]
[WhiteTitle "IM"]
[WhiteElo "2447"]
[BlackElo "2225"]
[WhiteFideId "403970"]
[BlackFideId "2059460"]
[EventDate "2012.07.28"]

1. e4 c6 2. Nc3 d5 3. Nf3 Bg4 4. h3 Bxf3 5. Qxf3 e6 6. d3 Nf6 7. a3 Nbd7 8. g3
Bc5 9. Bg2 O-O 10. O-O dxe4 11. dxe4 e5 12. Ne2 a5 13. g4 Ne8 14. Ng3 Nc7 15.
Rd1 Ne6 16. Bf1 Qc7 17. Bc4 Nd4 18. Qd3 b5 19. Ba2 Bb6 20. Be3 Nc5 21. Qf1 Nce6
22. c3 Nf3+ 23. Kg2 Nfg5 24. h4 Nf4+ 25. Bxf4 exf4 26. hxg5 fxg3 27. f4 Bf2 28.
e5 Rad8 29. Qe2 Rxd1 30. Rxd1 Ba7 31. g6 Kh8 32. gxf7 Qe7 33. g5 1-0

[Event "Washington International 2012"]
[Site "Rockville USA"]
[Date "2012.07.31"]
[Round "7"]
[White "Schuyler,J"]
[Black "Jayakumar,A"]
[Result "0-1"]
[WhiteTitle "FM"]
[WhiteElo "2345"]
[BlackElo "2300"]
[WhiteFideId "2001861"]
[BlackFideId "5026520"]
[EventDate "2012.07.28"]

1. d4 d5 2. Bf4 c5 3. e3 Nc6 4. c3 Nf6 5. Nd2 Bf5 6. Qb3 Qb6 7. dxc5 Qxb3 8.
axb3 e5 9. Bg3 Bxc5 10. Ngf3 Nd7 11. b4 Bd6 12. Nh4 Be6 13. e4 dxe4 14. Nxe4 Be7
15. b5 Nd8 16. Nf3 f5 17. Neg5 f4 18. Nxe6 Nxe6 19. Bc4 Ndf8 20. Nxe5 fxg3 21.
hxg3 Bf6 22. Ng4 Kd7 23. O-O Kc7 24. Ne3 Kb6 25. Nd5+ Kc5 26. b3 Bd8 27. Rfd1
Nc7 28. Nb6 Kxb6 29. Rd6+ Kc5 30. Rad1 Be7 31. R1d4 a5 0-1

[Event "Washington International 2012"]
[Site "Rockville USA"]
[Date "2012.07.31"]
[Round "7"]
[White "Bodek,Michael H"]
[Black "Guadalupe,F"]
[Result "1-0"]
[WhiteTitle "FM"]
[WhiteElo "2324"]
[BlackElo "2214"]
[WhiteFideId "2043858"]
[BlackFideId "2025671"]
[EventDate "2012.07.28"]

1. e4 e5 2. Nf3 Nc6 3. Bc4 Nf6 4. d3 Bc5 5. c3 d6 6. Bb3 O-O 7. Bg5 h6 8. Bh4
Be6 9. Nbd2 Bxb3 10. Qxb3 g5 11. Bg3 Qd7 12. Nc4 a6 13. O-O Ba7 14. Rad1 Ne7 15.
Rfe1 b5 16. Ne3 c5 17. d4 exd4 18. cxd4 Nxe4 19. dxc5 Bxc5 20. Nd5 Nxd5 21. Qxd5
Nxg3 22. hxg3 Qd8 23. Qf5 Kg7 24. a3 a5 25. Nd2 Rc8 26. Ne4 Re8 27. Kh2 f6 28.
Nc3 Re5 29. Rxe5 fxe5 30. Nd5 Bd4 31. Rd3 Rc5 32. Rf3 Qe8 33. Nf6 Qg6 34. Qd7+
Kh8 1-0

[Event "Washington International 2012"]
[Site "Rockville USA"]
[Date "2012.07.31"]
[Round "7"]
[White "Krause,Benjamin W"]
[Black "Defibaugh,J"]
[Result "1/2-1/2"]
[WhiteElo "2205"]
[BlackElo "2263"]
[WhiteFideId "2031965"]
[BlackFideId "2005603"]
[EventDate "2012.07.28"]

1. d4 Nf6 2. c4 g6 3. Nc3 d5 4. cxd5 Nxd5 5. Bd2 Bg7 6. e4 Nxc3 7. Bxc3 O-O 8.
Rc1 b6 9. d5 e6 10. Bc4 exd5 11. Bxg7 Kxg7 12. Qd4+ Kg8 13. Qxd5 Qxd5 14. Bxd5
c6 15. Bb3 Nd7 16. Rxc6 Ne5 17. Rc3 Ba6 18. Bc2 Rac8 19. Ne2 Nc4 20. Bd3 Rfd8
21. O-O b5 22. Bxc4 bxc4 23. Rfc1 Rd2 24. R3c2 Rcd8 25. Nc3 Bb7 26. Kf1 f5 27.
Nd5 Rd4 28. f3 Rf8 29. Nc7 Bc8 30. Rxc4 Rd2 31. R4c2 Rxc2 32. Rxc2 fxe4 33. Rc3
exf3 34. gxf3 Rf5 35. Kf2 Kf8 36. Nb5 Bd7 37. Nxa7 Rd5 38. Ke3 Ke8 39. Nc6 Rh5
40. Rc2 Bxc6 41. Rxc6 Rxh2 42. Rb6 Kd7 43. a4 Kc7 44. a5 h5 45. f4 Rg2 46. Kf3
Rg1 47. Kf2 Rg4 48. Rb4 g5 49. Kf3 gxf4 50. Rxf4 Rg1 51. b4 Rg6 52. b5 Rg5 53.
Rb4 Kb7 54. Rb1 Rc5 55. Kg3 Rd5 56. Kf3 Rc5 57. Ke3 Rg5 58. Kd4 Rg4+ 59. Kc5
Rg5+ 60. Kd6 h4 61. a6+ Kb6 62. Ra1 Rg6+ 63. Kd5 Rg5+ 64. Ke4 Rg8 65. a7 1/2-1/2

[Event "Washington International 2012"]
[Site "Rockville USA"]
[Date "2012.07.31"]
[Round "7"]
[White "Ryba,Andrew"]
[Black "Foisor,M"]
[Result "1/2-1/2"]
[BlackTitle "WIM"]
[WhiteElo "2162"]
[BlackElo "2220"]
[WhiteFideId "2034603"]
[BlackFideId "2270757"]
[EventDate "2012.07.28"]

1. d4 Nf6 2. c4 e6 3. Nf3 d5 4. e3 dxc4 5. Bxc4 c5 6. O-O a6 7. b3 Nbd7 8. Bb2
b5 9. Be2 Bb7 10. Nbd2 Be7 11. a4 b4 12. Nc4 O-O 13. Rc1 a5 14. Nfe5 Nxe5 15.
Nxe5 Rc8 16. Nc4 Nd5 17. e4 Nc3 18. Bxc3 bxc3 19. d5 exd5 20. exd5 Bxd5 21. Rxc3
Bf6 22. Rc1 Bd4 23. Bf3 Bxc4 24. bxc4 Rb8 25. Bc6 Rb4 26. Qf3 Qf6 27. Qxf6 1/2-1/2

[Event "Washington International 2012"]
[Site "Rockville USA"]
[Date "2012.07.31"]
[Round "7"]
[White "Colas,Joshua"]
[Black "Vasilyev,M"]
[Result "1-0"]
[BlackTitle "IM"]
[WhiteElo "2126"]
[BlackElo "2267"]
[WhiteFideId "2044447"]
[BlackFideId "14101254"]
[EventDate "2012.07.28"]

1. d4 Nf6 2. c4 g6 3. Nc3 Bg7 4. e4 d6 5. f3 O-O 6. Be3 e5 7. d5 c6 8. Bd3 cxd5
9. cxd5 Nbd7 10. Nge2 Ne8 11. O-O f5 12. exf5 gxf5 13. b4 a5 14. a3 axb4 15.
axb4 Rxa1 16. Qxa1 e4 17. fxe4 Ne5 18. Qd1 Ng4 19. Qd2 Qh4 20. h3 Nxe3 21. Qxe3
f4 22. Qf3 Qh6 23. Nb5 Be5 24. Nbd4 Ng7 25. Rc1 Qf6 26. Nb3 Qd8 27. Kh1 Qb6 28.
b5 Bd7 29. Rb1 Be8 30. Rf1 Rf6 31. Nd2 Nh5 32. Nc4 Qd8 33. Nxe5 dxe5 34. Qg4+
Ng7 35. Rc1 Bd7 36. Qg5 Qe7 37. Rc7 Kf7 38. Ng1 h6 39. Qh4 b6 40. Nf3 Rd6 41.
Qxe7+ Kxe7 42. Nxe5 Ne8 43. Rb7 Nf6 44. Nc4 1-0

[Event "Washington International 2012"]
[Site "Rockville USA"]
[Date "2012.07.31"]
[Round "7"]
[White "Barnett,A"]
[Black "Zimmer,Ra"]
[Result "1-0"]
[BlackTitle "FM"]
[WhiteElo "2243"]
[BlackElo "2202"]
[WhiteFideId "2019906"]
[BlackFideId "2001217"]
[EventDate "2012.07.28"]

1. e4 c5 2. Nf3 e6 3. d4 cxd4 4. Nxd4 Nf6 5. Nc3 Nc6 6. Nxc6 bxc6 7. e5 Nd5 8.
Ne4 Qa5+ 9. Bd2 Qc7 10. f4 Qb6 11. c4 Qd4 12. Qb1 Rb8 13. b3 f5 14. exf6 Nxf6
15. Bd3 Bb4 16. Bxb4 Qe3+ 17. Kd1 Rxb4 18. Nd6+ Ke7 19. Nf5+ exf5 20. Re1 Qxe1+
21. Kxe1 g6 22. Kf2 c5 23. Qb2 d6 24. h3 Kf7 25. Be2 Re8 26. Bf3 Bb7 27. Qa3 Re7
28. Rd1 Rb6 29. Re1 Be4 30. g4 Rbb7 31. g5 Ne8 32. Qb2 Bxf3 33. Rxe7+ Rxe7 34.
Kxf3 Ke6 35. Qh8 Kd7 36. a3 Nc7 37. b4 a6 38. Qb8 Re4 39. b5 Rxc4 40. b6 Nb5 41.
b7 Nd4+ 42. Ke3 Rc3+ 43. Kd2 Rxh3 44. Qc8+ Ke7 45. b8=Q Nf3+ 46. Kc1 Rh1+ 47.
Kb2 Rh2+ 48. Kc3 1-0

[Event "Washington International 2012"]
[Site "Rockville USA"]
[Date "2012.07.31"]
[Round "7"]
[White "Ryba,N"]
[Black "Zenyuk,I"]
[Result "1/2-1/2"]
[BlackTitle "CM"]
[WhiteElo "2097"]
[BlackElo "2242"]
[WhiteFideId "2034611"]
[BlackFideId "2022966"]
[EventDate "2012.07.28"]

1. e4 c5 2. c3 d5 3. exd5 Qxd5 4. Nf3 Bg4 5. Be2 Nf6 6. d4 e6 7. Be3 cxd4 8.
cxd4 Be7 9. Nc3 Qa5 10. O-O O-O 11. h3 Bh5 12. Rc1 Nc6 13. a3 Rfd8 14. Qb3 Qb6
15. Qxb6 axb6 16. g4 Bg6 17. Rfd1 Na5 18. Ne5 Nb3 19. Nxg6 hxg6 20. Rc2 Rdc8 21.
Bf3 Na5 22. Rdc1 Rc4 23. Be2 Rc6 24. Bf3 Rc4 25. Be2 1/2-1/2

[Event "Washington International 2012"]
[Site "Rockville USA"]
[Date "2012.07.31"]
[Round "7"]
[White "Liang,Awonder"]
[Black "Black,James A"]
[Result "1/2-1/2"]
[WhiteTitle "FM"]
[WhiteElo "1922"]
[BlackElo "2232"]
[WhiteFideId "2056437"]
[BlackFideId "2048280"]
[EventDate "2012.07.28"]

1. e4 c5 2. Nf3 d6 3. d4 cxd4 4. Nxd4 Nf6 5. Nc3 a6 6. Bg5 e6 7. f4 Be7 8. Qf3
Nbd7 9. O-O-O Qc7 10. g4 b5 11. Bxf6 Nxf6 12. g5 Nd7 13. f5 Bxg5+ 14. Kb1 Nc5
15. fxe6 Bxe6 16. Nxe6 Nxe6 17. e5 Rd8 18. Bh3 O-O 19. Ne4 dxe5 20. Bxe6 fxe6
21. Qg4 Bf4 22. Rxd8 Rxd8 23. Qxe6+ Qf7 24. Qxa6 Qd5 25. a4 Qxe4 26. Rg1 Qd4 27.
Qe6+ Kh8 28. Qg4 Qd7 29. Qxd7 Rxd7 30. axb5 e4 31. Re1 e3 32. c4 Rd2 33. c5 e2
34. Ka2 Be3 35. c6 Bb6 36. Kb3 Ba5 37. Ka4 Bc7 38. b4 Kg8 39. Kb3 Kf7 40. Kc3
Ra2 41. Kb3 Rd2 42. Kc3 Rd1 43. Rxe2 h5 44. Rg2 Ke6 45. Rxg7 Bxh2 46. Ra7 Be5+
47. Kc2 Rd4 48. Rh7 Rxb4 49. Rxh5 Rxb5 50. Kd3 Kd5 51. Rh6 Rc5 52. Rg6 Rc1 53.
Rh6 Rc3+ 54. Kd2 Rg3 55. Kc2 Bd6 56. Rh5+ Kxc6 57. Rh6 Kd5 58. Rh4 Bc5 59. Kd2
Bd4 60. Ke2 Re3+ 61. Kf1 Rg3 62. Ke2 Kc4 63. Rh7 Rc3 64. Kd2 Ra3 65. Rc7+ Bc5
66. Ke2 Kd5 67. Rh7 Bd6 68. Rh4 Bg3 69. Rg4 Be5 70. Rh4 Bd4 71. Rg4 Rh3 72. Kf1
Rh2 73. Rg2 Rh1+ 74. Ke2 Rh3 75. Rg4 Kc4 76. Kf1 Rf3+ 77. Kg2 Rf5 78. Kg3 Kd3
79. Rg6 Ke4 80. Rg4+ Ke3 81. Rg8 Be5+ 82. Kg4 Rf2 83. Kh5 Ke4 84. Kg6 Rf6+ 85.
Kg7 Kd5 86. Rf8 Rf4+ 87. Kg8 Rg4+ 88. Kh7 Ke6 89. Rg8 Rh4+ 90. Kg6 Bf6 91. Re8+
Be7 92. Ra8 Rg4+ 93. Kh5 Rg5+ 94. Kh6 Kf7 95. Ra7 Rc5 96. Rb7 Rc4 97. Rb5 Ra4
98. Rf5+ Bf6 99. Rb5 Ra8 100. Kh5 Rg8 101. Rb7+ Ke6 102. Rb5 Rg2 103. Kh6 Be5
104. Rb6+ Kf5 105. Kh7 Bf6 106. Rb5+ Ke6 107. Rb6+ Kf7 1/2-1/2

[Event "Washington International 2012"]
[Site "Rockville USA"]
[Date "2012.07.31"]
[Round "7"]
[White "Hess,Peter"]
[Black "Leve,Nitai D"]
[Result "0-1"]
[WhiteElo "1921"]
[BlackElo "2134"]
[WhiteFideId "2055066"]
[BlackFideId "2006898"]
[EventDate "2012.07.28"]

1. d4 d5 2. c4 e6 3. Nf3 c6 4. e3 Nf6 5. Bd3 Nbd7 6. O-O dxc4 7. Bxc4 b5 8. Be2
a6 9. Qc2 Bb7 10. a4 b4 11. a5 c5 12. Nbd2 cxd4 13. Nxd4 Bd6 14. Nc4 Bc7 15. Qa4
Nd5 16. Bd2 Qe7 17. Nc2 O-O 18. Bxb4 Qg5 19. Ne1 Nxb4 20. Qxb4 Rab8 21. Qc3 Rfc8
22. f4 Qh6 23. Bf3 Bd5 24. Bxd5 exd5 25. Qd3 Qe6 26. Nb6 Bxb6 27. axb6 Rxb6 28.
b4 Qe4 29. Rd1 Nf6 30. Rf3 Qxb4 31. g4 Rc3 32. Qd2 Qb2 33. g5 Qxd2 34. Rxd2 Ne4
35. Rxd5 h6 36. Rd4 Nc5 37. h4 Rc1 38. Rf1 Rbb1 39. Kf2 Rb2+ 40. Kg1 Rc3 41. Rf3
Re2 42. Ng2 Rcc2 43. Rg3 Kf8 44. f5 hxg5 45. Rxg5 Nb3 46. Rd8+ Ke7 47. Rb8 Nd2
48. Rb7+ Kd6 49. Rxg7 Nf3+ 50. Kf1 Rf2# 0-1

[Event "Washington International 2012"]
[Site "Rockville USA"]
[Date "2012.07.31"]
[Round "7"]
[White "Kleszczewski,N"]
[Black "Chevannes,S"]
[Result "1/2-1/2"]
[BlackTitle "WFM"]
[WhiteElo "2108"]
[BlackElo "2090"]
[WhiteFideId "2014688"]
[BlackFideId "411280"]
[EventDate "2012.07.28"]

1. e4 c6 2. d4 d5 3. Nc3 g6 4. exd5 cxd5 5. Bf4 a6 6. Nf3 Bg7 7. Qd2 Nc6 8. Ne5
Nxe5 9. dxe5 e6 10. O-O-O Bd7 11. Bd3 Ne7 12. Bg3 Qc7 13. Rhe1 b5 14. a3 O-O 15.
f4 Rfb8 16. Bh4 Nc6 17. b4 Rc8 18. Kb2 Bf8 19. Na2 a5 20. c3 axb4 21. Nxb4 Na5
22. Bf2 Nc4+ 23. Bxc4 bxc4 24. Ra1 Ra4 25. Qd4 Rb8 26. g4 Qa5 27. Reb1 Rxa3 28.
Rxa3 Rxb4+ 29. cxb4 Qxb4+ 30. Kc2 Qxa3 31. Qc3 Ba4+ 32. Kd2 Qa2+ 33. Qb2 c3+ 34.
Kxc3 Qc4+ 35. Kd2 Qxf4+ 36. Be3 Qxh2+ 37. Kd3 Qg3 38. Rg1 Qf3 39. Qg2 Bb5+ 40.
Kd4 Qxg2 41. Rxg2 h6 42. Rb2 Bc4 43. Rb8 Kg7 44. Bxh6+ Kxh6 45. Rxf8 Kg7 46. Rb8
g5 1/2-1/2

[Event "Washington International 2012"]
[Site "Rockville USA"]
[Date "2012.07.31"]
[Round "8"]
[White "Friedel,J"]
[Black "Jayakumar,A"]
[Result "1-0"]
[WhiteTitle "GM"]
[WhiteElo "2503"]
[BlackElo "2300"]
[WhiteFideId "2017199"]
[BlackFideId "5026520"]
[EventDate "2012.07.28"]

1. e4 c5 2. Nf3 d6 3. d4 cxd4 4. Nxd4 Nf6 5. Nc3 a6 6. Be2 e6 7. O-O Qc7 8. f4
Nc6 9. Be3 Be7 10. a4 O-O 11. Kh1 Re8 12. Bf3 Na5 13. Bf2 e5 14. Nde2 Bd7 15.
Bh4 Bc6 16. Qd3 b6 17. b4 Nb7 18. Qc4 Qc8 19. Bxf6 Bxf6 20. Bh5 Rf8 21. fxe5
dxe5 22. Rad1 Qe6 23. Nd5 Bd8 24. Ne7+ Qxe7 25. Qxc6 Qc7 26. Bxf7+ Kh8 27. Bd5 1-0

[Event "Washington International 2012"]
[Site "Rockville USA"]
[Date "2012.07.31"]
[Round "8"]
[White "Klinova,M"]
[Black "Hunt,A"]
[Result "0-1"]
[WhiteTitle "IM"]
[BlackTitle "IM"]
[WhiteElo "2318"]
[BlackElo "2447"]
[WhiteFideId "2802015"]
[BlackFideId "403970"]
[EventDate "2012.07.28"]

1. e4 e6 2. Nf3 d5 3. Nc3 Nf6 4. e5 Nfd7 5. d4 c5 6. dxc5 Nc6 7. Bf4 Nxc5 8. Bd3
Be7 9. O-O g5 10. Bg3 h5 11. h3 Nxd3 12. Qxd3 Qb6 13. Nb5 g4 14. hxg4 hxg4 15.
Nfd4 Bd7 16. Nxc6 Bxc6 17. Nd6+ Bxd6 18. exd6 Rh5 19. Rfe1 Kd7 20. Be5 Rg8 21.
Qb3 Qd8 22. Bg3 Rgh8 23. Kf1 d4 24. a4 Qa5 25. Qc4 Qd2 0-1

[Event "Washington International 2012"]
[Site "Rockville USA"]
[Date "2012.07.31"]
[Round "8"]
[White "Ippolito,D"]
[Black "Mulyar,M"]
[Result "1/2-1/2"]
[WhiteTitle "IM"]
[BlackTitle "IM"]
[WhiteElo "2429"]
[BlackElo "2386"]
[WhiteFideId "2009870"]
[BlackFideId "2008742"]
[EventDate "2012.07.28"]

1. d4 d5 2. c4 c6 3. Nf3 Nf6 4. Nc3 e6 5. Bg5 dxc4 6. e4 b5 7. e5 h6 8. Bh4 g5
9. Nxg5 hxg5 10. Bxg5 Nbd7 11. g3 Rg8 12. Bxf6 Nxf6 13. exf6 Qxf6 14. Bg2 Bb7
15. a4 O-O-O 16. axb5 cxb5 17. Bxb7+ Kxb7 18. Nxb5 Bb4+ 19. Nc3 Rxd4 20. Rxa7+
Kb8 21. Qa1 Bxc3+ 22. bxc3 Qe5+ 23. Kf1 Qd5 24. Ra8+ Qxa8 25. Qxa8+ Kxa8 26.
cxd4 Kb7 27. Ke2 Kc6 28. Ke3 Rb8 29. h4 Kd5 30. h5 c3 31. Kd3 c2 32. h6 f5 33.
h7 Rh8 34. Kxc2 Kxd4 35. Rh4+ Ke5 36. Kd3 Kf6 37. f4 Rd8+ 38. Ke3 Kg7 39. Rh5
Kh8 40. Rh6 Rd7 41. Kf3 Re7 42. Kg2 e5 43. fxe5 Rxe5 44. Kf3 Re1 45. Rh5 Ra1 46.
Kg2 Ra7 47. Kh3 Rxh7 48. Kh4 Rxh5+ 49. Kxh5 f4 50. gxf4 Kh7 51. Kg5 1/2-1/2

[Event "Washington International 2012"]
[Site "Rockville USA"]
[Date "2012.07.31"]
[Round "8"]
[White "Ostrovskiy,Al"]
[Black "Colas,Joshua"]
[Result "1/2-1/2"]
[WhiteTitle "FM"]
[WhiteElo "2351"]
[BlackElo "2126"]
[WhiteFideId "2034239"]
[BlackFideId "2044447"]
[EventDate "2012.07.28"]

1. e4 c5 2. Nf3 e6 3. d4 cxd4 4. Nxd4 a6 5. Bd3 Nf6 6. O-O Qc7 7. Qe2 d6 8. c4
Be7 9. Nc3 O-O 10. f4 Nbd7 11. Kh1 Nc5 12. Bc2 e5 13. Nf5 Bxf5 14. exf5 Rfe8 15.
fxe5 dxe5 16. Be3 Ncd7 17. a4 Rac8 18. b3 Bc5 19. Bxc5 Qxc5 20. Rfd1 Qb4 21. Nd5
Nxd5 22. Rxd5 Nf6 23. Rd2 h6 24. Rad1 e4 25. Rd4 Qe7 26. Rf1 1/2-1/2

[Event "Washington International 2012"]
[Site "Rockville USA"]
[Date "2012.07.31"]
[Round "8"]
[White "Sundararajan,K"]
[Black "Barnett,A"]
[Result "1-0"]
[WhiteTitle "GM"]
[WhiteElo "2459"]
[BlackElo "2243"]
[WhiteFideId "5005370"]
[BlackFideId "2019906"]
[EventDate "2012.07.28"]

1. Nf3 Nf6 2. g3 b5 3. Bg2 Bb7 4. O-O e6 5. b3 Be7 6. Bb2 O-O 7. c4 b4 8. d4 Qc8
9. Nbd2 c5 10. dxc5 Na6 11. a3 bxa3 12. Bxa3 Bc6 13. Bb2 Qd8 14. Qb1 d6 15. Ng5 1-0

[Event "Washington International 2012"]
[Site "Rockville USA"]
[Date "2012.07.31"]
[Round "8"]
[White "Gu,Christopher"]
[Black "Foisor,S"]
[Result "0-1"]
[BlackTitle "WGM"]
[WhiteElo "2225"]
[BlackElo "2356"]
[WhiteFideId "2059460"]
[BlackFideId "1212915"]
[EventDate "2012.07.28"]

1. d4 d6 2. Nf3 g6 3. e4 Bg7 4. Nc3 a6 5. a4 Nd7 6. Be3 b6 7. e5 Nh6 8. Bc4 O-O
9. Qd2 Nf5 10. e6 Nxe3 11. Qxe3 Nf6 12. Ng5 Bh6 13. Qf3 Bxe6 14. Nxe6 fxe6 15.
Bxe6+ Kh8 16. O-O Rb8 17. d5 Bg7 18. Qe3 c6 19. dxc6 Qc7 20. Nd5 Qxc6 21. c4
Nxd5 22. cxd5 Qc5 23. Qe2 Bd4 24. Qd2 b5 25. Rad1 Be5 26. a5 b4 27. Qh6 Bxb2 28.
Rd3 Bg7 29. Qh4 b3 30. Rh3 h6 31. Qg5 Kh7 32. Qxe7 Qd4 33. Rh4 Qf6 34. Qxf6 Bxf6
35. Rc4 b2 36. Rb1 Rb5 37. Bd7 Rxa5 38. Ba4 Rxd5 39. Rc7+ Kh8 40. Bc2 Bd4 41.
Rf1 Bb6 42. Rc6 Bxf2+ 43. Kh1 Re8 44. Rxa6 Rc5 0-1

[Event "Washington International 2012"]
[Site "Rockville USA"]
[Date "2012.07.31"]
[Round "8"]
[White "Foisor,M"]
[Black "Rosen,E"]
[Result "0-1"]
[WhiteTitle "WIM"]
[BlackTitle "FM"]
[WhiteElo "2220"]
[BlackElo "2328"]
[WhiteFideId "2270757"]
[BlackFideId "2032562"]
[EventDate "2012.07.28"]

1. d4 d5 2. c4 e6 3. Nc3 Nf6 4. cxd5 exd5 5. Bg5 c6 6. Qc2 Na6 7. e3 Nb4 8. Qb1
g6 9. a3 Bf5 10. e4 Bxe4 11. Nxe4 dxe4 12. Bxf6 Qxf6 13. Qxe4+ Kd8 14. Nf3 Nd5
15. Bc4 Qe7 16. Bxd5 cxd5 17. Qxe7+ Kxe7 18. Kd2 Kd6 19. Ne5 Bh6+ 20. Kd3 Rac8
21. Rhe1 Rhe8 22. Re2 Rc7 23. Rae1 Rec8 24. g3 Bg7 25. f4 a5 26. g4 Bxe5 27.
dxe5+ Ke7 28. Rd1 Rc4 29. Ke3 Re4+ 30. Kf3 Rxe2 31. Kxe2 Ke6 32. Kd3 Rc4 33. Rf1
a4 34. h4 h5 35. gxh5 gxh5 36. Ke3 Re4+ 37. Kd3 b5 38. Rf2 Kf5 39. Rg2 Kxf4 40.
Rf2+ Kxe5 41. Rxf7 Rd4+ 42. Ke3 Rxh4 43. Re7+ Kd6 44. Rb7 Kc6 45. Rh7 Kc5 46.
Rc7+ Kb6 47. Rc2 Rc4 48. Rg2 h4 49. Rg8 Rc2 50. Rb8+ Ka6 51. Ra8+ Kb7 52. Rh8
Rxb2 53. Kd4 Rc2 54. Kxd5 Rc3 55. Rxh4 Kb6 56. Rh8 Rxa3 57. Ra8 Rd3+ 58. Ke4 Rd7 0-1